LEADER 01227nam1 2200385 450 001 990002773050203316 005 20060704142144.0 010 $a87-7492-033-2 035 $a000277305 035 $aUSA01000277305 035 $a(ALEPH)000277305USA01 035 $a000277305 100 $a20060704d1971----km-y0itay50------ba 101 $aeng 102 $aDK 105 $aa---||||001yy 200 1 $aProblems concerning the origin and early development of the etruscan orientalizing style$fIngrid Strom 210 $aOdense$cOdense university press$d1971 215 $a2 v.$d25 cm 225 2 $aOdense university classical studies 410 0$12001$aOdense university classical studies 454 1$12001 461 1$1001-------$12001 463 \1$1001990002773060203316$12001 $aIllustrations 606 0 $aArte etrusca$zOrigini - 7. sec. a.C. 676 $a709.375 700 1$aSTROM,$bIngrid$0593862 801 0$aIT$bsalbc$gISBD 912 $a990002773050203316 951 $aI MV STR 1/$bDBC$cI MV 959 $aBK 969 $aDBC 979 $aDBC$b90$c20060704$lUSA01$h1421 996 $aProblems concerning the origin and early development of the etruscan orientalizing style$9997201 997 $aUNISA LEADER 02374nam0 22004213i 450 001 CAG0048781 005 20170908093241.0 100 $a20090627d1998 ||||0itac50 ba 101 | $aita 102 $ait 181 1$6z01$ai $bxxxe 182 1$6z01$an 200 1 $aGimpel l'idiota$fIsaac B. Singer$gtraduzione di Bruno Oddera 210 $aAlba$cFamiglia cristiana$d1998 215 $aXI, 320 p.$d21 cm 225 | $aNovecento mondiale. I grandi della narrativa$v8 300 $aSuppl. a Famiglia cristiana 410 0$1001CAG0036729$12001 $aNovecento mondiale. I grandi della narrativa$v8 500 10$aGimpel the fool.$3RAV0028171$9CFIV004611$91483201 606 $aNarrativa americana$2FIR$3NAPC173069$9I 676 $a813.52$9$v14 700 1$aSinger$b, Isaac Bashevis$3CFIV004611$4070$0439210 702 1$aOddera$b, Bruno$3CFIV007737$4730 790 1$aSinger$b, Isaac B.$3CFIV213085$zSinger, Isaac Bashevis 790 1$aSinger$b, Isaac$3CFIV259479$zSinger, Isaac Bashevis 790 1$aBashevis-Singer$b, Isaac$3CFIV312701$zSinger, Isaac Bashevis 801 3$aIT$bIT-NA0079$c20090627 850 $aIT-NA0074$aIT-NA0659$aIT-NA0768$aIT-NA0661$aIT-CE0176$aIT-NA0312 912 $aCAG0048781 950 0$aBiblioteca Provinciale Laurenziana$c1 v.$d 91LET 9C 00322$e 91 0000394335 B 1 v.; dono di T. Gambardella$fD $h20141120$i20141120 950 0$aBiblioteca comunale$c1 v.$d CQLETT. GB SINGI GIM$e CQ 0000093235 B $fT $h20170322$i20170322 950 0$aBiblioteca Annalisa Durante$c1 v.$d DULETT. Prosa SIN gi$e DU 0000017525 B 1 v.$fT $h20160524$i20160524 950 0$aBiblioteca comunale Domenico Cirillo$d GNNARRATIVA D1 30.$e GN 0000008255 B 1 v.$fD $h20080630$i20080630 950 0$aBiblioteca ISISS Amaldi-Nevio$c1 v.$d NEAMALDI 813.52 SIN gi$e NE 0000001825 B FD nuovo inventario$fT $h20160620$i20160620 950 0$aIstituto Salesiano Sacro Cuore$b1 v.$c1 v.$d SC37 07 021$e SC01 0000242085 B 1 v.$fT $h20090627$i20090627 977 $a 91$a CQ$a DU$a GN$a NE$a SC 996 $aGimpel the fool$91483201 997 $aUNISANNIO